[Event "Lliga Catalana DH "]
[Site "?"]
[Date "2018.04.07"]
[Round "10.10"]
[White "Fernandez Lozano, Francesc"]
[Black "Bofill Mas, Alexandre"]
[Result "0-1"]
[WhiteElo "2192"]
[BlackElo "2412"]
[PlyCount "92"]
[EventDate "2018.??.??"]
[WhiteTeam "MLL"]
[BlackTeam "CCS"]

1. d4 Nf6 2. Bg5 Ne4 3. Bf4 c5 4. f3 Qa5+ 5. c3 Nf6 6. d5 d6 7. e4 g6 8. Na3
Nbd7 9. Nc4 Qd8 10. a4 Bg7 11. Bd3 O-O 12. Ne2 Nb6 13. O-O Nxc4 14. Bxc4 Nd7
15. Ng3 Ne5 16. Be2 e6 17. Qd2 exd5 18. exd5 f5 19. Bg5 Qc7 20. Bh6 Bxh6 21.
Qxh6 Qg7 22. Qxg7+ Kxg7 23. a5 Bd7 24. f4 Nf7 25. Bd3 Rfe8 26. Rfe1 Nh6 27. h3
Ng8 28. Kf2 Nf6 29. c4 Kf7 30. b3 Rxe1 31. Rxe1 b5 32. axb6 axb6 33. Re2 Ra3
34. Rb2 Ke7 35. Ke2 Kd8 36. Nf1 b5 37. Ne3 b4 38. Nc2 Ra7 39. Kf3 Bc8 40. Rb1
Ra2 41. g3 Ne4 42. Rc1 Nd2+ 43. Ke3 Nxb3 44. Rb1 Na5 45. Ra1 Rxa1 46. Nxa1 Ba6
{Kd4} 0-1

[Event "Lliga Catalana DH "]
[Site "?"]
[Date "2018.04.07"]
[Round "10.1"]
[White "Jerez Perez, Alfonso"]
[Black "Herraiz Hidalgo, Herminio"]
[Result "1/2-1/2"]
[WhiteElo "2456"]
[BlackElo "2483"]
[PlyCount "63"]
[EventDate "2018.??.??"]
[WhiteTeam "FOM"]
[BlackTeam "CAT"]

1. e4 d6 2. d4 Nf6 3. Nc3 e5 4. Nf3 Nbd7 5. Bc4 Be7 6. O-O O-O 7. a4 c6 8. Qe2
exd4 9. Nxd4 Re8 10. Ba2 Bf8 11. Qf3 Nc5 12. Bg5 h6 13. Bxf6 Qxf6 14. Qxf6 gxf6
15. Rfe1 Bg7 16. a5 f5 17. Nxf5 Bxf5 18. exf5 d5 19. Kf1 b5 20. axb6 axb6 21.
Rxe8+ Rxe8 22. Re1 Rxe1+ 23. Kxe1 Bxc3+ 24. bxc3 b5 25. Ke2 Kf8 26. Ke3 Ke7 27.
g4 f6 28. h4 Na4 29. Kd3 Nc5+ 30. Ke3 Na4 31. Kd3 Nc5+ 32. Ke3 1/2-1/2

[Event "Lliga Catalana DH "]
[Site "?"]
[Date "2018.04.07"]
[Round "10.2"]
[White "Canal Oliveras, Joan"]
[Black "Granados Gomez, Manel"]
[Result "0-1"]
[WhiteElo "2317"]
[BlackElo "2446"]
[PlyCount "82"]
[EventDate "2018.??.??"]
[WhiteTeam "CAT"]
[BlackTeam "FOM"]

1. e4 c5 2. c3 Nf6 3. e5 Nd5 4. d4 cxd4 5. Nf3 e6 6. cxd4 b6 7. Nc3 Nxc3 8.
bxc3 Qc7 9. Bd2 d6 10. Bd3 Bb7 11. O-O Nd7 12. Re1 dxe5 13. Nxe5 Nxe5 14. Rxe5
Bd6 15. Bb5+ Bc6 16. Qf3 Rc8 17. Bxc6+ Qxc6 18. d5 Qb7 19. Rh5 e5 20. Re1 f6
21. Qd3 g6 22. Rh3 O-O 23. Bh6 Rf7 24. Rhe3 Rfc7 25. Qd2 Rc4 26. Rf3 Qf7 27.
Bg5 f5 28. h4 h5 29. Rg3 Kh7 30. Rd1 f4 31. Rf3 Qf5 32. Kh2 e4 33. Rxf4 Rxc3
34. g3 Bxf4 35. Qxf4 Qxf4 36. Bxf4 Rd3 37. Re1 Rc2 38. Rxe4 Rxf2+ 39. Kh3 Rd1
40. g4 Rd3+ 41. Bg3 Rff3 0-1

[Event "Lliga Catalana DH "]
[Site "?"]
[Date "2018.04.07"]
[Round "10.3"]
[White "Mestre Bellido, Hector"]
[Black "Amigo Vilalta, Jordi"]
[Result "1-0"]
[WhiteElo "2353"]
[BlackElo "2322"]
[PlyCount "61"]
[EventDate "2018.??.??"]
[WhiteTeam "FOM"]
[BlackTeam "CAT"]

1. Nf3 d5 2. g3 Nf6 3. Bg2 Bg4 4. c4 c6 5. cxd5 cxd5 6. Qb3 Bxf3 7. Bxf3 Nc6 8.
Nc3 e6 9. Qxb7 Nd4 10. O-O Nd7 11. Nb5 Rb8 12. Nc7+ Ke7 13. Qxa7 Nxf3+ 14. exf3
Qc8 15. Qa5 Ne5 16. Nb5 Kf6 17. a4 Nxf3+ 18. Kg2 d4 19. Qc7 Qxc7 20. Nxc7 Ne5
21. Nb5 Bc5 22. b3 Nd3 23. Kf3 Ke5 24. Ke2 Nb4 25. d3 Rhc8 26. Bf4+ Kd5 27.
Bxb8 Rxb8 28. Rfc1 e5 29. Rc4 Be7 30. Rac1 Bg5 31. f4 1-0

[Event "Lliga Catalana DH "]
[Site "?"]
[Date "2018.04.07"]
[Round "10.4"]
[White "Dalo, Hermes"]
[Black "Torrecillas Martinez, Antonio"]
[Result "0-1"]
[WhiteElo "2304"]
[BlackElo "2384"]
[PlyCount "128"]
[EventDate "2018.??.??"]
[WhiteTeam "CAT"]
[BlackTeam "FOM"]

1. d4 Nf6 2. Nf3 g6 3. g3 Bg7 4. Bg2 O-O 5. O-O d6 6. b3 e5 7. dxe5 Ng4 8. Bb2
Nc6 9. c4 dxe5 10. h3 Nh6 11. Qc1 Be6 12. Rd1 Qe7 13. Nc3 Nf5 14. e3 Rfd8 15.
Nd5 Bxd5 16. cxd5 Nb4 17. e4 Nd6 18. a3 Na6 19. Ne1 Rac8 20. Qe3 b6 21. Rdc1 f5
22. f3 Nc5 23. Rxc5 bxc5 24. Qxc5 fxe4 25. fxe4 Rf8 26. Bc1 a6 27. Be3 Rf7 28.
Nd3 Qd7 29. Nb4 Rb8 30. Rb1 Qb5 31. Qc2 Ra8 32. Bf1 Qb7 33. Nc6 Rf3 34. Re1
Rxg3+ 35. Bg2 Rxe3 36. Rxe3 Qb6 37. Qf2 Bh6 38. Rd3 Qb5 39. Nxe5 Re8 40. a4 Qb4
41. Ng4 Bg7 42. e5 Bxe5 43. Nxe5 Rxe5 44. Qd4 Qe1+ 45. Kh2 Re7 46. Qc3 Qe2 47.
Rd2 Qe1 48. Rd3 Qe2 49. Rd2 Qh5 50. Rf2 Nf5 51. Qc4 Kg7 52. Qxa6 Qg5 53. Rf3
Nh4 54. Rg3 Qe5 55. Qd3 Nf5 56. Qc3 Nxg3 57. Qxe5+ Rxe5 58. Kxg3 Re3+ 59. Kf4
Rxb3 60. Ke5 Re3+ 61. Kd4 Ra3 62. Kc5 Rxa4 63. Bf1 Ra1 64. Bc4 Rc1 0-1

[Event "Lliga Catalana DH "]
[Site "?"]
[Date "2018.04.07"]
[Round "10.5"]
[White "Arias Boo, Guillermo"]
[Black "Juan Bartroli, Pau"]
[Result "0-1"]
[WhiteElo "2359"]
[BlackElo "2322"]
[PlyCount "156"]
[EventDate "2018.??.??"]
[WhiteTeam "FOM"]
[BlackTeam "CAT"]

1. e4 c6 2. d4 d5 3. exd5 cxd5 4. c4 Nf6 5. Nc3 Nc6 6. Nf3 Bg4 7. cxd5 Nxd5 8.
Qb3 Bxf3 9. gxf3 e6 10. Qxb7 Nxd4 11. Bb5+ Nxb5 12. Qc6+ Ke7 13. Qxb5 Qd7 14.
Nxd5+ Qxd5 15. Qxd5 exd5 16. O-O Ke6 17. Re1+ Kf5 18. Rd1 Rd8 19. Be3 Rd7 20.
Rac1 Be7 21. Rd4 Bf6 22. Rf4+ Ke6 23. Rc6+ Rd6 24. Rxd6+ Kxd6 25. b3 a5 26. Bb6
Ra8 27. Kf1 Kc6 28. Be3 Re8 29. Bd4 Bxd4 30. Rxd4 Re5 31. Rg4 g6 32. Rh4 Kc5
33. Rxh7 Re7 34. Rh8 Kd4 35. Rd8 Rc7 36. f4 Ke4 37. Ke1 Rc2 38. Re8+ Kxf4 39.
Re2 Rc1+ 40. Kd2 Rh1 41. Re7 f5 42. Ra7 Rxh2 43. Ke2 Ke4 44. Re7+ Kf4 45. Ra7
g5 46. Rxa5 g4 47. Ra4+ Ke5 48. Ke1 d4 49. b4 f4 50. Ra8 Ke4 51. b5 Kd3 52. Kf1
Rh1+ 53. Kg2 Rb1 54. a4 Rb2 55. Rf8 Ke4 56. Re8+ Kd5 57. Rd8+ Ke4 58. Re8+ Kd3
59. Rf8 Kc3 60. Rc8+ Kd2 61. Rf8 d3 62. Rxf4 Kc3 63. Rf8 Rb4 64. Rc8+ Kd2 65.
a5 Rxb5 66. a6 Ra5 67. Rc6 Ke2 68. Re6+ Kd1 69. Rd6 d2 70. Re6 Ra3 71. Rd6 Ra4
72. Re6 Ra1 73. Kg3 Kc2 74. Rc6+ Kb3 75. Rb6+ Kc4 76. Rd6 d1=Q 77. Rxd1 Rxd1
78. Kxg4 Kd5 0-1

[Event "Lliga Catalana DH "]
[Site "?"]
[Date "2018.04.07"]
[Round "10.6"]
[White "Ballesteros Collazos, Sergi"]
[Black "Estrella Vidiella, Jordi"]
[Result "0-1"]
[WhiteElo "2319"]
[BlackElo "2348"]
[PlyCount "90"]
[EventDate "2018.??.??"]
[WhiteTeam "CAT"]
[BlackTeam "FOM"]

1. c4 e5 2. Nc3 Nc6 3. Nf3 Nf6 4. e3 d5 5. cxd5 Nxd5 6. Bb5 Nxc3 7. bxc3 e4 8.
Ne5 Bd7 9. Nxd7 Qxd7 10. Qa4 Qe6 11. O-O Be7 12. f3 exf3 13. Rxf3 O-O 14. d4
Qe4 15. Qd1 Bg5 16. Bd3 Qe7 17. Qb3 Na5 18. Qa4 b6 19. Ba3 c5 20. e4 Qc7 21.
Raf1 Be7 22. Bb2 a6 23. d5 Bd6 24. c4 Bxh2+ 25. Kh1 Be5 26. Bxe5 Qxe5 27. Rf5
Qd4 28. Qc2 Rae8 29. Qe2 Nxc4 30. R5f4 Ne3 31. R1f3 Nxd5 32. Rh4 Nb4 33. Bb1
Rd8 34. Rf1 g6 35. Qf3 Nc6 36. Qh3 Qg7 37. Qb3 b5 38. Qa3 Nb4 39. Rc1 Rd2 40.
Qb3 Qb2 41. Qxb2 Rxb2 42. e5 c4 43. a4 Rd8 44. Be4 Rd4 45. Rg4 Re2 0-1

[Event "Lliga Catalana DH "]
[Site "?"]
[Date "2018.04.07"]
[Round "10.7"]
[White "Garrido Fernandez, Daniel"]
[Black "Martin Grillo, Ruben"]
[Result "0-1"]
[WhiteElo "2304"]
[BlackElo "2306"]
[PlyCount "80"]
[EventDate "2018.??.??"]
[WhiteTeam "FOM"]
[BlackTeam "CAT"]

1. e4 c5 2. Nf3 d6 3. Bb5+ Nd7 4. d4 cxd4 5. Qxd4 a6 6. Bxd7+ Bxd7 7. c4 e5 8.
Qd3 b5 9. Nc3 bxc4 10. Qxc4 Be6 11. Nd5 Qa5+ 12. Bd2 Bxd5 13. exd5 Qb5 14.
Qxb5+ axb5 15. O-O Nf6 16. Bb4 Be7 17. Rfd1 Kd7 18. Ne1 Rhc8 19. f3 Bd8 20. a3
Bb6+ 21. Kf1 Bd4 22. Rxd4 exd4 23. Rd1 Nxd5 24. Rxd4 Nxb4 25. Rxb4 Rc1 26. Kf2
Re8 27. Nd3 Rc2+ 28. Kg3 Ree2 29. Rxb5 Rxg2+ 30. Kf4 Rxh2 31. Ke3 Rhe2+ 32. Kd4
Red2 33. Ke3 Rd1 34. a4 Ra1 35. a5 g6 36. b3 h5 37. a6 Rxa6 38. Nb4 Rc3+ 39.
Kd4 Rxb3 40. Kc4 Raa3 0-1

[Event "Lliga Catalana DH "]
[Site "?"]
[Date "2018.04.07"]
[Round "10.8"]
[White "Vera Pons, Felipe"]
[Black "Llaneza Vega, Patricia"]
[Result "1/2-1/2"]
[WhiteElo "2298"]
[BlackElo "2298"]
[PlyCount "29"]
[EventDate "2018.??.??"]
[WhiteTeam "CAT"]
[BlackTeam "FOM"]

1. e4 c5 2. Nc3 Nc6 3. Bb5 Nd4 4. Nf3 a6 5. Bd3 g6 6. a4 Bg7 7. Bc4 Nh6 8. d3
O-O 9. h4 Ng4 10. Ba2 h5 11. Bg5 Ne6 12. Bd2 d6 13. Nd5 Bd7 14. c3 Bc6 15. a5
1/2-1/2

[Event "Lliga Catalana DH "]
[Site "?"]
[Date "2018.04.07"]
[Round "10.9"]
[White "Chalmeta Ugas, Jordi"]
[Black "Saez Coma, Alejandro"]
[Result "1-0"]
[WhiteElo "2293"]
[BlackElo "2218"]
[PlyCount "79"]
[EventDate "2018.??.??"]
[WhiteTeam "FOM"]
[BlackTeam "CAT"]

1. d4 Nf6 2. c4 e6 3. Nc3 Bb4 4. Qc2 Nc6 5. Nf3 d6 6. Bd2 Qe7 7. a3 Bxc3 8.
Bxc3 e5 9. d5 Nb8 10. e4 a5 11. Be2 a4 12. O-O Nbd7 13. Nd2 g5 14. b4 axb3 15.
Nxb3 b6 16. a4 Nc5 17. Nxc5 bxc5 18. a5 Ba6 19. Rab1 O-O 20. Bd2 h6 21. Rb3 Nd7
22. h4 f6 23. Bg4 Rfb8 24. Rfb1 Rxb3 25. Rxb3 Nf8 26. Bf5 Kg7 27. Qd3 Ng6 28.
hxg5 hxg5 29. Qe2 Rh8 30. Rh3 Nh4 31. Be6 Qe8 32. g3 Ng6 33. Rxh8 Nxh8 34. f4
gxf4 35. gxf4 Qg6+ 36. Kf2 exf4 37. Bxf4 Nf7 38. Bf5 Bxc4 39. Bxg6 Bxe2 40.
Kxe2 1-0

[Event "Lliga Catalana DH "]
[Site "?"]
[Date "2018.04.07"]
[Round "10.10"]
[White "Vigo Allepuz, David"]
[Black "De la Riva Aguado, Jordi"]
[Result "1/2-1/2"]
[WhiteElo "2223"]
[BlackElo "2314"]
[PlyCount "30"]
[EventDate "2018.??.??"]
[WhiteTeam "CAT"]
[BlackTeam "FOM"]

1. d4 Nf6 2. Nf3 e6 3. c4 Bb4+ 4. Bd2 c5 5. Bxb4 cxb4 6. a3 bxa3 7. Rxa3 O-O 8.
Nc3 d6 9. e4 Nc6 10. Bd3 e5 11. dxe5 dxe5 12. h3 Nd7 13. O-O Nc5 14. Bb1 Be6
15. Nd5 a5 1/2-1/2

[Event "Lliga Catalana DH "]
[Site "Barcelona"]
[Date "2018.04.07"]
[Round "10.1"]
[White "Bauer, Christian "]
[Black "Alsina Leal, Daniel"]
[Result "1-0"]
[WhiteElo "2647"]
[BlackElo "2565"]
[PlyCount "71"]
[EventDate "2018.??.??"]
[WhiteTeam "EEB"]
[BlackTeam "BAB"]

1. e4 c5 2. Na3 Nc6 3. Bb5 Qc7 4. Nf3 Nf6 5. d3 g6 6. O-O Bg7 7. Re1 O-O 8. e5
Ng4 9. Bxc6 Qxc6 10. h3 Nh6 11. d4 b5 12. Bg5 f6 13. d5 Qb6 14. d6 e6 15. exf6
Rxf6 16. c4 Rxf3 17. Bxh6 Bxh6 18. Qxf3 Bb7 19. Qg4 b4 20. Nb5 Rf8 21. Rad1 Rf4
22. Qg3 Rf8 23. Nc7 Bg7 24. Re2 Qc6 25. h4 Bf6 26. h5 Kh8 27. h6 Bh4 28. Qh2
Rf5 29. Rd5 Bf6 30. g4 Rf3 31. g5 Bd4 32. Rxd4 Rf5 33. Rd5 Rf7 34. Nxe6 dxe6
35. Qe5+ Kg8 36. Qxe6 1-0

[Event "Lliga Catalana DH "]
[Site "Barcelona"]
[Date "2018.04.07"]
[Round "10.2"]
[White "Vila Gazquez, Xavi "]
[Black "Peralta, Fernando "]
[Result "1/2-1/2"]
[WhiteElo "2530"]
[BlackElo "2593"]
[PlyCount "45"]
[EventDate "2018.??.??"]
[WhiteTeam "BAB"]
[BlackTeam "EEB"]

1. Nf3 e6 2. g3 b5 3. Bg2 Bb7 4. O-O Nf6 5. d3 c5 6. e4 d6 7. Re1 Be7 8. Nbd2
O-O 9. c3 Nc6 10. Nf1 a5 11. a4 b4 12. h4 Rb8 13. Ne3 bxc3 14. bxc3 Ba6 15. Qc2
Nd7 16. Ba3 Nde5 17. Nxe5 Nxe5 18. Red1 Qb6 19. f4 Nd7 20. Rab1 Qc7 21. Bb2 Rb6
22. Ba3 Rbb8 23. Bh3 1/2-1/2

[Event "Lliga Catalana DH "]
[Site "Barcelona"]
[Date "2018.04.07"]
[Round "10.3"]
[White "Aroshidze, Levan"]
[Black "Rizouk, Aimen"]
[Result "1-0"]
[WhiteElo "2557"]
[BlackElo "2494"]
[PlyCount "73"]
[EventDate "2018.??.??"]
[WhiteTeam "EEB"]
[BlackTeam "BAB"]

1. e4 e5 2. Nf3 Nc6 3. Bb5 Nf6 4. d3 Bc5 5. Bxc6 dxc6 6. Nbd2 Nd7 7. Qe2 Qe7 8.
Nc4 f6 9. Nh4 Nb6 10. Na5 Bb4+ 11. Bd2 Bxa5 12. Bxa5 Be6 13. a4 O-O 14. O-O c5
15. b3 Nc8 16. Bc3 Nd6 17. Qe3 b6 18. f4 exf4 19. Rxf4 Rae8 20. Raf1 Rf7 21.
Qg3 Ref8 22. h3 Bc8 23. R4f2 Bd7 24. Nf3 Bc6 25. h4 Qd7 26. Re1 Re7 27. Bb2 Qe8
28. Nd2 Kh8 29. Ref1 Rff7 30. h5 h6 31. Rf4 Re6 32. Nf3 Rd7 33. e5 Bxf3 34.
exf6 gxf6 35. Qxf3 Kh7 36. Bxf6 Re2 37. Ba1 1-0

[Event "Lliga Catalana DH "]
[Site "Barcelona"]
[Date "2018.04.07"]
[Round "10.4"]
[White "Alonso Moyano, Jonathan "]
[Black "Narciso Dublan, Marc "]
[Result "1/2-1/2"]
[WhiteElo "2458"]
[BlackElo "2535"]
[PlyCount "67"]
[EventDate "2018.??.??"]
[WhiteTeam "BAB"]
[BlackTeam "EEB"]

1. e4 d6 2. d4 Nf6 3. Nc3 g6 4. Nf3 Bg7 5. h3 O-O 6. Be2 Nc6 7. O-O e5 8. dxe5
Nxe5 9. Bg5 h6 10. Bh4 g5 11. Bg3 Nxf3+ 12. Bxf3 Nd7 13. Qd2 Ne5 14. Be2 Be6
15. Rad1 Kh7 16. Nd5 Ng6 17. c4 Be5 18. Bg4 Bxd5 19. cxd5 Bxg3 20. fxg3 Ne5 21.
Bf5+ Kg7 22. Qb4 a5 23. Qd4 Ra6 24. Rf2 c5 25. dxc6 Rxc6 26. b3 Qc7 27. Rfd2
Rd8 28. Kh2 Rc2 29. Rxc2 Qxc2 30. Rd2 Qc1 31. Rd1 Qc2 32. Rd2 Qc1 33. Rd1 Qc2
34. Rd2 1/2-1/2

[Event "Lliga Catalana DH "]
[Site "Barcelona"]
[Date "2018.04.07"]
[Round "10.5"]
[White "Matnadze, Ana "]
[Black "Perez Mañas, Benjamin "]
[Result "0-1"]
[WhiteElo "2482"]
[BlackElo "2410"]
[PlyCount "106"]
[EventDate "2018.??.??"]
[WhiteTeam "EEB"]
[BlackTeam "BAB"]

1. d4 f5 2. g3 Nf6 3. Bg2 g6 4. Nf3 Bg7 5. O-O d6 6. d5 c6 7. c4 O-O 8. Nd4 Qe8
9. Nc3 Bd7 10. e4 fxe4 11. Nxe4 c5 12. Nc2 Nxe4 13. Bxe4 Na6 14. Rb1 b5 15. b3
Rb8 16. cxb5 Bxb5 17. Re1 Qf7 18. f4 Bd7 19. Bd2 Nc7 20. Qf3 Bf5 21. Ne3 Bd4
22. Kg2 Bxe4 23. Qxe4 Bxe3 24. Rxe3 Qxd5 25. Ba5 Rb7 26. h4 Qxe4+ 27. Rxe4 Nd5
28. Rbe1 Rf5 29. Bd2 h5 30. Ra4 Kf7 31. Kf3 Nf6 32. Bc3 Ng4 33. Rd1 d5 34. Ra6
d4 35. Bd2 e5 36. Re1 Re7 37. Rd6 e4+ 38. Kg2 e3 39. Ba5 Nf6 40. b4 Rd7 41.
Rxd7+ Nxd7 42. Kf3 Ne5+ 43. Ke4 Nc6 44. Rc1 Nxa5 45. bxa5 Ke6 46. Rb1 Rd5 47.
Kd3 c4+ 48. Ke2 Rxa5 49. Rb8 Rxa2+ 50. Kf3 Rf2+ 51. Ke4 e2 52. Kxd4 Kd7 53.
Rb7+ Kd6 0-1

[Event "Lliga Catalana DH "]
[Site "Barcelona"]
[Date "2018.04.07"]
[Round "10.6"]
[White "Obon Temprano, Sergi "]
[Black "Grafl, Florian "]
[Result "1/2-1/2"]
[WhiteElo "2384"]
[BlackElo "2421"]
[PlyCount "68"]
[EventDate "2018.??.??"]
[WhiteTeam "BAB"]
[BlackTeam "EEB"]

1. d4 c5 2. c3 Qa5 3. dxc5 Qxc5 4. g3 Nf6 5. Bg2 Ng4 6. Qd4 Qxd4 7. cxd4 Nc6 8.
Nf3 Nb4 9. Na3 a6 10. Bd2 e6 11. Ne5 Nxe5 12. dxe5 Rb8 13. O-O Nc6 14. Nc4 b5
15. Na5 Nxe5 16. Rac1 f6 17. Be3 d5 18. Bf4 Bd7 19. Bxe5 fxe5 20. Nc6 Rc8 21.
Nxe5 Bd6 22. Nxd7 Kxd7 23. e4 d4 24. Bh3 Bc5 25. Rfd1 Bb6 26. Kf1 Rhf8 27. f4
g5 28. Rxc8 Rxc8 29. Ke2 gxf4 30. gxf4 Rc2+ 31. Rd2 Rc1 32. Rd1 Rc2+ 33. Rd2
Rc1 34. Rd1 Rc2+ 1/2-1/2

[Event "Lliga Catalana DH "]
[Site "Barcelona"]
[Date "2018.04.07"]
[Round "10.7"]
[White "Hernando Rodrigo, Julio Antonio"]
[Black "Rivas Garcia, Victor "]
[Result "1/2-1/2"]
[WhiteElo "2397"]
[BlackElo "2343"]
[PlyCount "109"]
[EventDate "2018.??.??"]
[WhiteTeam "EEB"]
[BlackTeam "BAB"]

1. d4 f5 2. Nc3 Nf6 3. Bg5 d5 4. e3 e6 5. Nf3 Be7 6. Be2 O-O 7. O-O Nbd7 8. Bf4
c6 9. Ng5 Nb6 10. h4 Bd6 11. Bxd6 Qxd6 12. f4 Bd7 13. Nb1 c5 14. Nd2 cxd4 15.
exd4 h6 16. Nh3 Qb4 17. Nb3 Bb5 18. a3 Bxe2 19. axb4 Bxd1 20. Rfxd1 Nc4 21. Nc5
Nxb2 22. Rdb1 Nc4 23. Nxb7 Ne4 24. Nf2 Nc3 25. Rb3 Ne2+ 26. Kh1 Nxd4 27. Rg3
Rfb8 28. Nc5 Ne2 29. Rf3 Rxb4 30. Nxe6 Nd2 31. Rd3 Ne4 32. Nxe4 Rxe4 33. Nc7
Rc8 34. Nxd5 Nxf4 35. Nxf4 Rxf4 36. g3 Rf2 37. c3 Re8 38. Kg1 Rc2 39. Rf3 Re7
40. Rxf5 Rxc3 41. Kh2 Re2+ 42. Kh3 Ree3 43. Rg1 Ra3 44. h5 a5 45. Rf4 Rf3 46.
Kg4 Rxf4+ 47. gxf4 Rd3 48. Rb1 Rd6 49. Rb8+ Kf7 50. Ra8 Rd5 51. Ra7+ Kg8 52.
Ra8+ Kf7 53. Ra7+ Kf6 54. Ra6+ Ke7 55. Ra7+ 1/2-1/2

[Event "Lliga Catalana DH "]
[Site "Barcelona"]
[Date "2018.04.07"]
[Round "10.8"]
[White "Martinez Ramirez, Erik "]
[Black "Chueca Forcen, Alberto "]
[Result "0-1"]
[WhiteElo "2335"]
[BlackElo "2361"]
[PlyCount "102"]
[EventDate "2018.??.??"]
[WhiteTeam "BAB"]
[BlackTeam "EEB"]

1. e4 e5 2. Nf3 Nc6 3. d4 exd4 4. Nxd4 Nf6 5. Nxc6 bxc6 6. e5 Qe7 7. Qe2 Nd5 8.
c4 Ba6 9. b3 g5 10. g3 Bg7 11. Bb2 O-O-O 12. Bg2 Rde8 13. O-O Bxe5 14. Qxe5
Qxe5 15. Bxe5 Rxe5 16. cxd5 Bxf1 17. Kxf1 cxd5 18. Nc3 c6 19. Rc1 Kd8 20. Rd1
h5 21. h3 h4 22. g4 f5 23. Bf3 Rhe8 24. Ne2 fxg4 25. Bxg4 Kc7 26. Nd4 Re4 27.
Nf3 Rg8 28. Rd3 a5 29. Re3 a4 30. Ke2 axb3 31. axb3 Rxe3+ 32. fxe3 Kd6 33. Kd3
c5 34. e4 Rb8 35. Nd2 dxe4+ 36. Kxe4 Kc6 37. Kf5 d5 38. Kxg5 Kb5 39. Be6 Rd8
40. Kxh4 Kb4 41. Kg5 Kc3 42. Nf1 d4 43. h4 Re8 44. Bc4 d3 45. h5 Re1 46. Bxd3
Kxd3 47. Ng3 Rg1 48. Kf4 Rb1 49. h6 Rxb3 50. h7 Rb8 51. Ne4 Kd4 0-1

[Event "Lliga Catalana DH "]
[Site "Barcelona"]
[Date "2018.04.07"]
[Round "10.9"]
[White "Avila Jimenez, Xavier "]
[Black "Carrasco Rodriguez, Jesus "]
[Result "1-0"]
[WhiteElo "2320"]
[BlackElo "2285"]
[PlyCount "73"]
[EventDate "2018.??.??"]
[WhiteTeam "EEB"]
[BlackTeam "BAB"]

1. d4 Nf6 2. Bg5 d5 3. e3 e6 4. Nd2 c5 5. c3 Be7 6. Bd3 Nbd7 7. f4 b6 8. Ngf3
Bb7 9. O-O O-O 10. Ne5 h6 11. Bh4 Ne8 12. Bxe7 Qxe7 13. Qh5 Nd6 14. g4 Nf6 15.
Qh4 Rfe8 16. Ndf3 Nfe4 17. Qh5 Nf6 18. Qh3 Nfe4 19. Nh4 g5 20. Ng2 f6 21. Qxh6
fxe5 22. fxe5 Qg7 23. Qxg7+ Kxg7 24. exd6 Nxd6 25. Rf3 e5 26. Rh3 e4 27. Be2
Rh8 28. Rxh8 Rxh8 29. Rd1 Ne8 30. c4 Nf6 31. dxc5 bxc5 32. cxd5 Bxd5 33. Rc1
Rc8 34. h4 gxh4 35. Nxh4 Kh6 36. Rf1 Rf8 37. Rf5 1-0

[Event "Lliga Catalana DH "]
[Site "Barcelona"]
[Date "2018.04.07"]
[Round "10.10"]
[White "Ramirez Carrizo, Victor Jose"]
[Black "Orteu Capdevila, Max "]
[Result "1-0"]
[WhiteElo "2270"]
[BlackElo "2213"]
[PlyCount "55"]
[EventDate "2018.??.??"]
[WhiteTeam "BAB"]
[BlackTeam "EEB"]

1. e4 c5 2. Nf3 d6 3. d4 Nf6 4. Nc3 cxd4 5. Nxd4 a6 6. Bg5 e6 7. f4 h6 8. Bh4
Be7 9. Qf3 Nbd7 10. O-O-O Qc7 11. f5 Ne5 12. Qh3 Nfg4 13. Be2 Bxh4 14. Bxg4 Qe7
15. Kb1 Nxg4 16. Qxg4 Bd7 17. Qxg7 Bf6 18. Qg3 O-O-O 19. Nce2 Kb8 20. Qb3 Rhg8
21. g3 Rc8 22. fxe6 fxe6 23. Nf4 Rge8 24. Qb4 Rg8 25. Ndxe6 Rc6 26. Nd4 Rc5 27.
Nb3 Qe5 28. Nxc5 1-0

[Event "Lliga Catalana DH "]
[Site "?"]
[Date "2018.04.07"]
[Round "10.5"]
[White "Triadu Cassa, Jordi"]
[Black "Bru Rullo, Llatzer"]
[Result "1/2-1/2"]
[WhiteElo "2323"]
[BlackElo "2315"]
[PlyCount "54"]
[WhiteTeam "OLO"]
[BlackTeam "PEC"]

1. e4 c5 2. Nf3 e6 3. d4 cxd4 4. Nxd4 Nc6 5. Nc3 Qc7 6. f4 a6 7. Nxc6 bxc6 8.
Bd3 d5 9. Qe2 Nf6 10. O-O Be7 11. Kh1 O-O 12. b3 c5 13. Bd2 Bb7 14. Rae1 dxe4
15. Nxe4 Nxe4 16. Bxe4 Bf6 17. Qf3 Bxe4 18. Rxe4 Rfd8 19. Ra4 Qc8 20. Be3 Qc7
21. Rc4 Qa5 22. a4 Be7 23. f5 e5 24. Qb7 Bf8 25. Qe4 f6 26. h3 Rab8 27. Qc6 Qb6
1/2-1/2

[Event "Lliga Catalana DH "]
[Site "?"]
[Date "2018.04.07"]
[Round "10.6"]
[White "Castellet Giralt, Gabriel"]
[Black "Aymerich Verdaguer, Eduard"]
[Result "0-1"]
[WhiteElo "2322"]
[BlackElo "2315"]
[PlyCount "88"]
[WhiteTeam "PEC"]
[BlackTeam "OLO"]

1. d4 Nf6 2. c4 g6 3. Nc3 Bg7 4. e4 d6 5. f4 O-O 6. Nf3 a6 7. Be2 c5 8. dxc5
Qa5 9. Bd3 Qxc5 10. Qe2 Bg4 11. Be3 Qc7 12. O-O Nbd7 13. Rac1 Rac8 14. Qf2 Bxf3
15. gxf3 e6 16. Rfd1 Nh5 17. Bf1 Rfd8 18. f5 Qb8 19. Kh1 Ne5 20. Ba7 Qc7 21.
Bb6 Qe7 22. Bxd8 Rxd8 23. Ne2 Bh6 24. Rc3 gxf5 25. exf5 exf5 26. Bh3 Ng7 27.
Rg1 Ng6 28. Nd4 Re8 29. Nc2 Bf4 30. Re1 Be5 31. Rb3 Nf4 32. Bf1 Nge6 33. c5
Nxc5 34. Rbe3 Nce6 35. Bc4 Kh8 36. Bxe6 fxe6 37. Rxe5 dxe5 38. Rxe5 Qd6 39. Qe1
Nd3 40. Qd2 Qxe5 41. Qxd3 Qd5 42. Qc3+ e5 43. Kg1 Rd8 44. Kf1 Qd3+ 0-1

[Event "Lliga Catalana DH"]
[Site "?"]
[Date "2018.04.07"]
[Round "10.10"]
[White "Guasch Sariol, Jaume"]
[Black "Lazaro Pujol, Abel"]
[Result "0-1"]
[WhiteElo "2217"]
[BlackElo "2125"]
[PlyCount "64"]
[WhiteTeam "PEC"]
[BlackTeam "OLO"]

1. d4 d5 2. c4 e6 3. Nc3 c5 4. e3 Nf6 5. Nf3 Nc6 6. a3 cxd4 7. exd4 Be7 8. Bd3
dxc4 9. Bxc4 O-O 10. O-O a6 11. Be3 b5 12. Bd3 Bb7 13. Rc1 b4 14. axb4 Nxb4 15.
Bb1 Rc8 16. Qe2 Nbd5 17. Ne5 Qa5 18. Nxd5 Qxd5 19. f3 Rfd8 20. Bd3 Qd6 21. Nc4
Qb8 22. Bf2 Nd5 23. Qe4 Nf6 24. Qh4 Bd5 25. Bg3 Qb4 26. Ne5 Rxc1 27. Rxc1 Ne4
28. Qf4 Qxd4+ 29. Kf1 f6 30. Bxe4 fxe5 31. Qxe5 Bc4+ 32. Rxc4 Qxc4+ 0-1

[Event "Lliga Catalana DH "]
[Site "?"]
[Date "2018.04.07"]
[Round "10.7"]
[White "Vinardell Cruañas, Sergi"]
[Black "Oliva Valero, Oscar"]
[Result "1-0"]
[WhiteElo "2291"]
[BlackElo "2298"]
[PlyCount "41"]
[WhiteTeam "OLO"]
[BlackTeam "PEC"]

1. e4 e6 2. d4 d5 3. Nc3 Nf6 4. e5 Nfd7 5. f4 c5 6. Nf3 Nc6 7. Be3 a6 8. Qd2
cxd4 9. Nxd4 Bb4 10. Bd3 Qh4+ 11. Bf2 Qe7 12. O-O Nc5 13. Rae1 Na4 14. a3 Bxc3
15. bxc3 Qxa3 16. f5 Qxc3 17. Qf4 Nxd4 18. Bxd4 Qc7 19. Qg5 g6 20. fxg6 f5 21.
exf6 1-0

[Event "Lliga Catalana DH "]
[Site "?"]
[Date "2018.04.07"]
[Round "10.1"]
[White "Campos Moreno, Javier"]
[Black "Guerra Mendez, Jose Angel"]
[Result "1/2-1/2"]
[WhiteElo "2510"]
[BlackElo "2544"]
[PlyCount "27"]
[WhiteTeam "OLO"]
[BlackTeam "PEC"]

1. d4 Nf6 2. c4 e6 3. Nc3 Bb4 4. e3 b6 5. Bd3 Bb7 6. Nf3 Ne4 7. O-O f5 8. Ne2
Be7 9. b3 O-O 10. Bb2 Bf6 11. Qc2 Nc6 12. a3 Ne7 13. Rad1 Qc8 14. Nd2 1/2-1/2

[Event "Lliga Catalana DH "]
[Site "?"]
[Date "2018.04.07"]
[Round "11.2"]
[White "Gual Pascual, Antonio"]
[Black "Vidal Zamora, Alez"]
[Result "1/2-1/2"]
[WhiteElo "2485"]
[BlackElo "2422"]
[PlyCount "64"]
[WhiteTeam "PEC"]
[BlackTeam "OLO"]

1. d4 Nf6 2. c4 e6 3. Nc3 Bb4 4. Nf3 b6 5. Qc2 Bb7 6. a3 Bxc3+ 7. Qxc3 d6 8. e3
Nbd7 9. Be2 a5 10. b3 O-O 11. Bb2 Ne4 12. Qc2 f5 13. O-O Qe7 14. Ne1 Qg5 15. d5
exd5 16. cxd5 Bxd5 17. Bc4 Bxc4 18. Qxc4+ Rf7 19. Qxc7 Nd2 20. Qc6 Qd8 21. Nf3
Rc8 22. Qxd6 Nxf1 23. Rxf1 Nc5 24. Qg3 Ne4 25. Qe5 Nd2 26. Nxd2 Qxd2 27. h4 f4
28. Bd4 f3 29. gxf3 Qe2 30. Qe6 Rcf8 31. f4 Kh8 32. Qh3 Qc2 1/2-1/2